Districts of Afghanistan on a Map - Statistics

General Stats
  • This quiz has been taken 100 times
  • The average score is 51 of 422
Answers on the Map
Answers color-coded by a green-red scale on the quiz's map according to % correct below.
 
Answer Stats
Province Type District % Correct
Kabul Capital District Kabul
73%
Paktika District Muta Khan
51%
Helmand District Reg-e Khan Neshin
51%
Ghazni District Zana Khan
51%
Herat Temporary District Pusht Koh
49%
Nangarhar District Darah-ye Nur
44%
Kandahar Capital District Kandahar
44%
Takhar District Khwajah Ghar
39%
Herat Capital District Herat
37%
Kunar District Khas Kunar
37%
Zabul District Shah Joy
37%
Nangarhar Temporary District Spin Ghar
37%
Baghlan District Guzargah-e Nur
34%
Uruzgan District Khas Uruzgan
34%
Badakhshan District Wakhan
32%
Wardak Capital District Maidan Shahr
29%
Balkh Capital District Mazar-e Sharif
29%
Farah District Qal'ah-ye Kah
29%
Badakhshan District Arghanj Khwah
27%
Kunduz District Chahar Darah
27%
Kunar District Chapah Darah
27%
Samangan District Darah-ye Suf-e Bala
27%
Laghman District Dowlat Shah
27%
Nangarhar Capital District Jalalabad
27%
Faryab District Khan-e Chaharbagh
27%
Nangarhar District Mohmand Darah
27%
Kandahar District Shah Wali Kot
27%
Farah District Anar Darah
24%
Panjshir District Darah
24%
Kunar District Darah-ye Pech
24%
Samangan District Darah-ye Suf-e Payin
24%
Takhar District Dasht-e Qal'ah
24%
Kabul District Deh-e Sabz
24%
Kunduz Capital District Kunduz
24%
Helmand District Musa Qal'ah
24%
Badghis Capital District Qal'ah-ye Now
24%
Sar-e-Pol District Sozmah Qal'ah
24%
Paktika District Wor Mamay
24%
Takhar District Yangi Qal'ah
24%
Paktika District Zarghun Shahr
24%
Badakhshan District Argo
22%
Badakhshan District Baharak
22%
Takhar District Baharak
22%
Bamyan Capital District Bamyan
22%
Badakhshan District Darwaz-e-Bala
22%
Zabul District Day Chopan
22%
Ghazni District Deh Yak
22%
Farah Capital District Farah
22%
Kapisa District Hisah-e Awal-e Kohistan
22%
Kapisa District Hisah-e Duwum-e Kohistan
22%
Badakhshan District Khash
22%
Nimruz District Khash Rod
22%
Faryab District Khwajah Sabz Posh Wali
22%
Parwan District Koh-e Safi
22%
Herat Temporary District Koh-e Zure
22%
Kunduz District Qal'ah-ye Zal
22%
Sar-e-Pol Capital District Sar-e Pol
22%
Badakhshan District Shahr-e Buzurg
22%
Balkh District Balkh
20%
Kabul District Chahar Asiab
20%
Nimruz District Chahar Burjak
20%
Ghazni Capital District Ghazni
20%
Paktia District Jaji
20%
Badghis District Jowand
20%
Zabul District Kakar
20%
Badakhshan District Kohistan
20%
Faryab District Kohistan
20%
Sar-e-Pol District Kohistanat
20%
Herat District Kushk-e Kuhnah
20%
Paktika District Waza Khwah
20%
Ghazni District Andar
17%
Badakhshan District Darayim
17%
Badakhshan District Darwaz-e-Payin
17%
Badakhshan Capital District Fayzabad
17%
Jowzjan District Fayzabad
17%
Takhar District Hazar Sumuch
17%
Wardak District Hisah-e Awal-e Behsud
17%
Badakhshan District Ishkashim
17%
Farah District Khak-e Safed
17%
Logar District Khoshi
17%
Baghlan District Khost wa Fireng
17%
Paktia District Lajah Ahmad Khel
17%
Kabul District Mir Bachah Kot
17%
Khost District Musa Khel
17%
Faryab District Pashtun Kot
17%
Logar Capital District Pul-e 'Alam
17%
Paktika District Sar Rawzah
17%
Parwan District Sayed Kheyl
17%
Parwan District Shekh 'Ali
17%
Faryab District Shirin Tagab
17%
Badakhshan District Tagab
17%
Kapisa District Tagab
17%
Kandahar Temporary District Takhtah Pul
17%
Zabul District Tarneg wa Jaldak
17%
Panjshir District Unabah
17%
Kunduz District Ali Abad
15%
Kunduz District Archi
15%
Nangarhar District Bihsud
15%
Wardak District Chak-e Wardak
15%
Ghor District Dowlat Yar
15%
Khost District Jaji Maidan
15%
Paktia District Jani Khel
15%
Paktika District Jani Khel
15%
Badakhshan District Jurm
15%
Kunduz District Khan Abad
15%
Khost Capital District Khost
15%
Badakhshan District Khwahan
15%
Badakhshan District Kishim
15%
Nangarhar District Kot
15%
Badakhshan District Kuf Ab
15%
Badakhshan District Kuran wa Munjan
15%
Farah District Lash wa Juwayn
15%
Helmand Temporary District Marjah
15%
Wardak District Markaz-e Bihsud
15%
Khost District Nadirshah Kot
15%
Kabul District Paghman
15%
Herat District Pashtun Zarghun
15%
Kandahar District Reg
15%
Herat District Shahristan Chisht-e Sharif
15%
Badakhshan District Shighnan
15%
Badakhshan District Shiki
15%
Ghazni District Wali Muhammad Shahid
15%
Paktika District Yahyya Khel
15%
Paktika District Yosuf Khel
15%
Ghazni District Ajristan
12%
Baghlan District Andarab
12%
Baghlan District Baghlan-e Jadid
12%
Parwan District Bagram
12%
Baghlan District Dahanah-ye Ghori
12%
Paktika District Dilah wa Khushhamand
12%
Helmand District Dishu
12%
Baghlan District Doshi
12%
Herat District Farsi
12%
Baghlan District Fireng wa Gharu
12%
Farah District Gulistan
12%
Kunduz District Hazrat-e Imam Sahib
12%
Panjshir District Hisah-e Awal
12%
Kabul District Khak-e Jabar
12%
Balkh District Khulm
12%
Takhar District Khwajah Bahawuddin
12%
Jowzjan District Khwajah Du Koh
12%
Baghlan District Khwajah Hijran
12%
Ghazni District Khwajah Omari
12%
Helmand Capital District Lashkargah
12%
Ghazni District Malistan
12%
Kandahar District Maywand
12%
Logar District Muhammad Aghah
12%
Badghis District Muqur
12%
Ghazni District Muqur
12%
Helmand District Nad 'Ali
12%
Helmand District Nahr-e Saraj
12%
Balkh District Nahr-e Shahi
12%
Ghazni District Nawah
12%
Helmand Temporary District Nawah Mish
12%
Helmand District Nawah-ye Barakza'yi
12%
Baghlan Capital District Pul-e Khumri
12%
Ghazni District Qarah Bagh
12%
Kabul District Qarah Bagh
12%
Paktia District Sayed Karam
12%
Badakhshan District Shuhada
12%
Badakhshan District Tishkan
12%
Badakhshan District Warduj
12%
Badakhshan District Yaftal-e Sufla
12%
Bamyan Temporary District Yakawlang No 2
12%
Badakhshan District Yamgan
12%
Badakhshan District Yawan
12%
Nimruz Capital District Zaranj
12%
Badakhshan District Zaybak
12%
Kandahar District Zharay
12%
Ghazni District Ab Band
10%
Nangarhar District Achin
10%
Herat District Adraskan
10%
Kapisa District Alah Say
10%
Laghman District Alingar
10%
Kandahar District Arghistan
10%
Kunar Capital District Asad Abad
10%
Farah District Bala Buluk
10%
Badghis District Bala Murghab
10%
Takhar District Bangi
10%
Logar District Baraki Barak
10%
Baghlan District Burkah
10%
Ghor District Chaghcharan
10%
Takhar District Chahab
10%
Nimruz District Chakhansur
10%
Takhar District Chal
10%
Logar District Charkh
10%
Balkh District Chimtal
10%
Uruzgan District Chorah
10%
Kandahar District Daman
10%
Kandahar Temporary District Dand
10%
Paktia District Dand Patan
10%
Takhar District Darqad
10%
Wardak District Daymirdad
10%
Balkh District Dehdadi
10%
Baghlan District Deh-e Salah
10%
Uruzgan District Dehrawud
10%
Balkh District Dowlat Abad
10%
Faryab District Dowlat Abad
10%
Takhar District Farkhar
10%
Kabul District Farzah
10%
Paktia Capital District Gardez
10%
Helmand District Garmsir
10%
Parwan District Ghorband
10%
Herat District Ghorian
10%
Ghazni District Gilan
10%
Ghazni District Giro
10%
Nangarhar District Hesarak
10%
Takhar District Ishkmish
10%
Kabul District Istalif
10%
Helmand District Kajaki
10%
Takhar District Kalafgan
10%
Balkh District Kaldar
10%
Nangarhar District Kamah
10%
Nimruz District Kang
10%
Baghlan District Khinjan
10%
Balkh District Kishindeh
10%
Herat District Kushk
10%
Nangarhar District Kuz Kunar
10%
Nangarhar District La'lpur
10%
Ghor District La'l wa Sarjangal
10%
Khost District Manduzai
10%
Balkh District Marmul
10%
Laghman Capital District Mehtarlam
10%
Faryab Capital District Meymaneh
10%
Kabul District Musahi
10%
Baghlan District Nahrin
10%
Takhar District Namak Ab
10%
Ghazni District Nawur
10%
Helmand District Nawzad
10%
Wardak District Nirkh
10%
Herat District Obeh
10%
Baghlan District Pul-e Hisar
10%
Zabul Capital District Qalat
10%
Badakhshan District Raghistan
10%
Takhar District Rustaq
10%
Daykundi District Sang-e Takht
10%
Helmand District Sangin
10%
Zabul District Shamulza'yi
10%
Nangarhar District Shinwar
10%
Balkh District Sholgarah
10%
Kandahar District Spin Boldak
10%
Baghlan District Talah wa Barfak
10%
Uruzgan Capital District Tarinkot
10%
Herat District Zindah Jan
10%
Badghis District Ab-e Kamari
7%
Paktia District Ahmad'abad
7%
Samangan Capital District Aibak
7%
Laghman District Alisheng
7%
Faryab District Almar
7%
Faryab District Andkhoy
7%
Jowzjan District Aqchah
7%
Kandahar District Arghandab
7%
Zabul District Arghandab
7%
Zabul District Atghar
7%
Logar District Azrah
7%
Helmand District Baghran
7%
Kabul District Bagrami
7%
Khost District Bak
7%
Farah District Bakwah
7%
Faryab District Balchiragh
7%
Kunar District Barkunar
7%
Paktika District Barmal
7%
Nangarhar District Bati Kot
7%
Panjshir Capital District Bazarak
7%
Paktia District Chamkani
7%
Nangarhar District Chaparhar
7%
Kunar District Chawkay
7%
Kunar District Dangam
7%
Nangarhar District Deh Bala
7%
Nangarhar District Durbaba
7%
Kunar District Ghazi Abad
7%
Kandahar District Ghorak
7%
Badghis District Ghormach
7%
Paktika District Giyan
7%
Uruzgan District Gizab
7%
Paktika District Gomal
7%
Nangarhar District Goshtah
7%
Kabul District Guldarah
7%
Herat District Gulran
7%
Kunduz Temporary District Gultipah
7%
Khost District Gurbuz
7%
Faryab District Gurziwan
7%
Herat District Injil
7%
Ghazni District Jaghatu
7%
Wardak District Jaghatu
7%
Ghazni District Jaghuri
7%
Kabul District Kalakan
7%
Nuristan District Kamdesh
7%
Herat District Karukh
7%
Kandahar District Khakrez
7%
Logar District Kharwar
7%
Nangarhar District Khugyani
7%
Samangan District Khuram wa Sarbagh
7%
Kapisa District Koh Band
7%
Herat District Kohsan
7%
Paktia Temporary District Lajah Mangel
7%
Kunar District Marawarah
7%
Kandahar District Ma'ruf
7%
Paktia Temporary District Mirzakah
7%
Zabul District Mizan
7%
Kunar District Narang
7%
Kunar District Nari
7%
Nangarhar District Nazyan
7%
Paktika District Nikeh
7%
Daykundi Capital District Nili
7%
Zabul District Nowbahar
7%
Kunar District Nurgal
7%
Paktika District Omnah
7%
Nangarhar District Pachir wa Agam
7%
Kandahar District Panjwa'yi
7%
Nuristan Capital District Parun
7%
Ghor District Pasaband
7%
Farah District Pur Chaman
7%
Farah District Pusht-e Rod
7%
Badghis District Qadis
7%
Khost District Qalandar
7%
Laghman District Qarghah'i
7%
Ghazni District Rashidan
7%
Nangarhar District Rodat
7%
Samangan District Ruy Du'ab
7%
Khost District Sabari
7%
Sar-e-Pol District Sayad
7%
Wardak District Sayd'abad
7%
Bamyan District Sayghan
7%
Daykundi District Shahristan
7%
Kabul District Shakardarah
7%
Khost District Shamul
7%
Paktika Capital District Sharan
7%
Jowzjan Capital District Sheberghan
7%
Herat District Shindand
7%
Parwan District Shinwari
7%
Kandahar District Shorabak
7%
Balkh District Shortepah
7%
Khost District Sperah
7%
Nangarhar District Surkh Rod
7%
Kabul District Surobi
7%
Paktika District Surobi
7%
Takhar Capital District Taluqan
7%
Takhar District Warsaj
7%
Kunar District Watahpur
7%
Bamyan District Yakawlang
7%
Paktia District Zadran
7%
Balkh District Zari
7%
Paktia District Zurmat
7%
Sar-e-Pol District Balkhab
5%
Nuristan District Barg-e Matal
5%
Balkh District Char Bolak
5%
Parwan Capital District Charikar
5%
Balkh District Charkent
5%
Ghor District Charsadah
5%
Jowzjan District Darzab
5%
Nuristan District Du'ab
5%
Ghor District Dulainah
5%
Nimruz Temporary District Dularam
5%
Samangan District Fayroz Nakhchir
5%
Sar-e-Pol District Gosfandi
5%
Herat District Guzarah
5%
Daykundi District Ishtarlay
5%
Parwan District Jabal Saraj
5%
Wardak District Jalrayz
5%
Bamyan District Kahmard
5%
Daykundi District Khadir
5%
Jowzjan District Khamyab
5%
Jowzjan District Khanaqah
5%
Kapisa Capital District Mahmud-e Raqi
5%
Nuristan District Mandol
5%
Jowzjan District Mardian
5%
Jowzjan District Mingajik
5%
Daykundi District Miramor
5%
Kandahar District Miyaneshin
5%
Kandahar District Nesh
5%
Kapisa District Nijrab
5%
Nuristan District Nurgaram
5%
Paktika District Orgun
5%
Bamyan District Panjab
5%
Panjshir District Parian
5%
Faryab District Qaisar
5%
Faryab District Qaram Qol
5%
Jowzjan District Qarqin
5%
Faryab District Qurghan
5%
Jowzjan District Qush Tepah
5%
Paktia Temporary District Rohany Baba
5%
Panjshir District Rukhah
5%
Ghor District Saghar
5%
Parwan District Salang
5%
Uruzgan District Shahid-e Hasas
5%
Ghor District Shahrak
5%
Farah District Shayb Koh
5%
Kunar Temporary District Sheltan
5%
Bamyan District Shibar
5%
Zabul District Shinkai
5%
Nangarhar District Shirzad
5%
Paktia District Shwak
5%
Kunar District Sirkanay
5%
Khost District Tani
5%
Ghor District Taywarah
5%
Paktika District Terwo
5%
Ghazni District Waghaz
5%
Bamyan District Waras
5%
Helmand District Washir
5%
Paktika District Ziruk
5%
Panjshir Temporary District Abshar
2%
Kunduz Temporary District Aqtash
2%
Samangan District Hazrat-e Sultan
2%
Daykundi District Kajran
2%
Kunduz Temporary District Kalbad
2%
Daykundi District Kiti
2%
Daykundi Temporary District Patu
2%
Sar-e-Pol District Sancharak
2%
Balkh District Shahrak-e Hayratan
2%
Panjshir District Shutul
2%
Parwan District Surkh-e Parsa
2%
Khost District Tirayzayi
2%
Ghor District Tulak
2%
Nuristan District Wama
2%
Nuristan District Waygal
2%
Laghman Temporary District Badpash
0%
Uruzgan Temporary District Chinarto
0%
Paktia Temporary District Gardah Siray
0%
Kunar District Shigal
0%
Herat Temporary District Zawol
0%
Herat Temporary District Zirkuh
0%
No matching quizzes found
Score Distribution
Percent of People with Each Score
Percentile by Number Answered
Your Score History
You have not taken this quiz